Proporcionalidad y reeducacin̤ en la jurisdiccin̤ de menores

Bibliographic Details
Main Author: Gutiřrez Albentosa, Joan Manel
Format: eBook
Language:Spanish
Published: Barccelona: J.M. Bosch Editor, 2021
Subjects:
Online Access:Acceso restringido

MARC

LEADER 00000nam a22000007a 4500
005 20220516232054.0
007 cr|||| ||||
008 220516s2021 es |||||s|||| 00||0 spa d
020 |a 978-84-123809-7-2 
035 |a 35645 
040 |a vLex 
090 |c 13349  |d 13349 
100 1 |a Gutiřrez Albentosa, Joan Manel 
245 1 0 |a Proporcionalidad y reeducacin̤ en la jurisdiccin̤ de menores  |h [Recurso electrn̤ico] /  |c Joan Manel Gutiřrez Albentosa 
256 |a Servicio en ln̕ea 
260 |a Barccelona:  |b J.M. Bosch Editor,  |c 2021 
300 |a 1 recurso electrn̤ico 
500 |a En esta obra, analizamos el principio de proporcionalidad en el contexto educativo del Derecho penal de menores. De dicho anl̀isis, concluimos que dicho principio es interpretado y aplicado de una manera sui generis en el mencionado contexto educativo; esa manera diferente de aplicar la proporcionalidad en menores precisa de una explicacin̤ –que aportamos a travš de esta obra, en el sentido que se hace necesario el exponer una justificacin̤ o fundamentacin̤ respecto al por qu ̌la proporcionalidad es diferente en el m̀bito de la jurisdiccin̤ de menores en comparacin̤ con la jurisdiccin̤ de adultos. Dicha fundamentacin̤ se halla en el principio educativo o interš superior del menor; as,̕ y en virtud de dicho principio, podremos responder a las cuestiones siguientes de una manera coherente con el Derecho penal, y, prioritariamente, con el Derecho penal de menores: ¿proporcionalidad o educacin̤?, ¿retribucin̤ o educacin̤?, ¿pena o educacin̤?, ¿castigar o educar? Respondemos a estas cuestiones huyendo de un falso dilema, porque, estas preguntas pueden surgir de un planteamiento ficticio o errn̤eo: dichas cuestiones pueden ser un falso dilema producto de inercias provenientes de nuestra tradicin̤ tutelar en el m̀bito de menores; de dicha tradicin̤, y, por tanto, equivocadamente, situamos la proporcionalidad y la reeducacin̤ como elementos antagn̤icos, sin aportar soluciones a este problema. Por ello, proponemos modificaciones de la legislacin̤ penal de menores, para abordar dicho problema, modificaciones que se sita︢n en la direccin̤ siguiente: el principio educativo es un fin, y, segn︢ aqu ̕proponemos, la proporcionalidad es un medio al servicio de dicho fin, en la jurisdiccin̤ de menores. Analizamos, tambiň, el principio de seguridad jurd̕ica, por tener una relacin̤ directa con el mencionado principio de proporcionalidad, y, a partir de este contexto, porque, hemos observado que es mejorable la aplicacin̤ de la seguridad jurd̕ica en la legislacin̤ penal de menores, mejora que repercutira̕ en el menor infractor favorablemente, al menos con esta intencin̤ sugerimos las propuestas de mejora. 
506 1 |a Disponible solo en los productos indicados  |d vLex Global  |d vLex Global (Academic Edition, excluding Law Schools)  |d vLex Global (U.S. Academic Edition, Law Schools)  |d vLex Global (U.S. Academic Edition, excluding Law Schools)  |d vLex Global (Academic Edition, Law Schools) 
650 0 4 |a Derecho Penal  |z Espaą 
740 0 |a vLex Libros (Servicio en ln̕ea) 
856 4 0 |u https://app.vlex.com/#/sources/35645  |z Acceso restringido 
942 |c BOOK 
999 0 |a Criminal Law